000 00935cam a2200277 4500
001 J85736
008 090401t1958 xxu||||| |||| 00| 0 eng d
035 _a(Sirsi) u80157
041 _aeng
050 _a526.903
110 _aL`Institut Geographique National
_93515
245 _aLexique Anglais-Francais des termes appartenant aux techniques en usage a L`Institut Geographique National. Premiere partie: geodesie et nivellement - topographie - photogrammetrie - cartographie optique - photographie generale - mecanique - chimie - physique - navigation.
260 _aParis
_bL`Institut Geographique National
_c1958
300 _a2v. ; 27cm.
350 _a0
650 _aCARTOGRAPHY
650 _aDICTIONARIES
650 _aGEODESY
650 _aLAND SURVEYING
650 _aPHOTOGRAMMETRY
650 _aTOPOGRAPHY
690 _aLAND SURVEYING
700 _aThuillier, Robert
942 _n0
948 _c08/08/1997
999 _c96599
_d96599